000 00762nam a2200253Ia 4500
003 OSt
005 20220925233706.0
006 a|||||r|||| 00| 0
007 ta
008 220923b |||||||| |||| 00| 0 eng d
020 _a8126111399
_c340
037 _b904, 18/03/2014, Pranami Book Service
_cGeneral Book
040 _aRTL
_cRTL
_beng
041 _2eng
_aeng
082 _aX9(Y):51, P2
100 _aSURI Rohini Gupta
_9299222
245 0 _aServices marketing
260 _a New Delhi
_bAnmol Publication
_c2002
300 _ax, 149p
_ccm.
500 _aBibliography Chapterwise
650 _aCommerce
942 _hX9(Y):51, P2
_cGB
_2CC
999 _c594303
_d594303